000 00766nam a2200229 i 4500
001 34718
003 ES-MaACL
005 20250925165629.0
007 t|
008 030207s1942 sp ||||1| spa d
100 1 _aBleuler, E.
_929482
245 1 0 _aAfectividad, sugestibilidad, paranoia /
_cE. Bleuler ; versión española de la última edición alemana por Bartolomé Llopis Lloret.
250 _a1ª ed.
260 _aMadrid :
_bMorata,
_c1942 (
_fSuc. de Rivadeneyra)
300 _a141 p. ;
_c25 cm.
650 4 _aPsicopatología.
_916577
650 0 7 _aPsiquiatría
_2embne
_916586
700 1 _aLlopis, Bartolomé,
_d1905-1966
_972825
852 _aES-MaACL
_jE-1100
_bR.19516
852 _aES-MaACL
_jE-1078
_bR.20766
999 _c34718
_d34718